Creatures of the Night : (Record no. 258604)
[ view plain ]
| 000 -LEADER | |
|---|---|
| fixed length control field | 01550cam a22002533a 4500 |
| 001 - CONTROL NUMBER | |
| control field | 29349 |
| 003 - CONTROL NUMBER IDENTIFIER | |
| control field | PGUSA |
| 005 - DATE AND TIME OF LATEST TRANSACTION | |
| control field | 20140828083632.0 |
| 008 - FIXED-LENGTH DATA ELEMENTS--GENERAL INFORMATION | |
| fixed length control field | 090708s2009||||xxu|||||s|||||000 | eng d |
| 040 ## - CATALOGING SOURCE | |
| Original cataloging agency | PGUSA |
| Language of cataloging | eng |
| 042 ## - AUTHENTICATION CODE | |
| Authentication code | dc |
| 050 #4 - LIBRARY OF CONGRESS CALL NUMBER | |
| Classification number | QL |
| 100 1# - MAIN ENTRY--PERSONAL NAME | |
| Personal name | Rees, Alfred Wellesley, |
| Dates associated with a name | 1872-1917 |
| 245 10 - TITLE STATEMENT | |
| Title | Creatures of the Night : |
| Remainder of title | A Book of Wild Life in Western Britain |
| Medium | [electronic resource] / |
| Statement of responsibility, etc | Alfred Wellesley Rees |
| 260 ## - PUBLICATION, DISTRIBUTION, ETC. (IMPRINT) | |
| Name of publisher, distributor, etc | Project Gutenberg, |
| Date of publication, distribution, etc | 2009 |
| 505 0# - FORMATTED CONTENTS NOTE | |
| Formatted contents note | The otter: I. The holt among the alders. II. The pool beneath the farmstead. III. The gorge of Alltycafn. -- The water-vole: I. Our village hounds. II. The burrow in the river bank. III. Wild hunting. IV. Saved by an enemy. V. The courage of fear. -- The field-vole: I. Hidden pathways in the grass. II. The valley of Olwen. III. A barren hillside. -- The fox: I. The last hunt. II. A new home. III. The cub and the polecat. IV. A cry of the night. -- The brown hare: I. The upland cornfield. II. March madness. III. The chase. -- The badger: I. A woodland solitude. II. Home discipline. III. Fear of the trap. IV. The winter "oven." V. Hillside trails. -- The hedgehog: I. A vagabond hunter. II. An experience in snake-killing. -- Night in the woods: I. Haunts of the badger and the fox. II. The Crag of Vortigern. |
| 506 ## - RESTRICTIONS ON ACCESS NOTE | |
| Terms governing access | Public domain in the USA. |
| 516 ## - TYPE OF COMPUTER FILE OR DATA NOTE | |
| Type of computer file or data note | Electronic text |
| 653 ## - INDEX TERM--UNCONTROLLED | |
| Uncontrolled term | Animal behavior |
| 653 ## - INDEX TERM--UNCONTROLLED | |
| Uncontrolled term | Animals -- Anecdotes |
| 830 #0 - SERIES ADDED ENTRY--UNIFORM TITLE | |
| Uniform title | Project Gutenberg |
| Volume number/sequential designation | 29349 |
| 856 40 - ELECTRONIC LOCATION AND ACCESS | |
| Uniform Resource Identifier | <a href="http://www.gutenberg.org/ebooks/29349">http://www.gutenberg.org/ebooks/29349</a> |
| 942 ## - ADDED ENTRY ELEMENTS (KOHA) | |
| Koha item type | eBooks |
| Withdrawn status | Lost status | Damaged status | Home library | Current library | Date acquired | Total Checkouts | Date last seen | Price effective from | Koha item type |
|---|---|---|---|---|---|---|---|---|---|
| Project Gutenberg | Project Gutenberg | 08/28/2014 | 08/28/2014 | 08/28/2014 | eBooks |